[Event "Santa Cruz Regional Norte zt"]
[Site "Santa Cruz"]
[Date "2017.05.07"]
[Round "5"]
[White "Adelino, Ygor Carneiro"]
[Black "Da Silva Miguel, Lucas Ramonn"]
[Result "1/2-1/2"]
[WhiteElo "1520"]
[BlackElo "1758"]
[PlyCount "81"]
[EventDate "2017.05.05"]
[EventType "swiss"]
[EventRounds "6"]
[EventCountry "BRA"]
[SourceTitle "EXT 2018"]
[Source "ChessBase"]
[SourceDate "2017.10.13"]
[SourceVersion "1"]
[SourceVersionDate "2017.10.13"]
[SourceQuality "1"]

1. e4 g6 2. Nf3 Bg7 3. Be2 b6 4. 0-0 Bb7 5. d3 c5 6. Nc3 Nf6 7. Bf4 d6 8. Re1 0-0 9. e5 Nh5 10. Qd2 Nxf4 11. Qxf4 dxe5 12. Nxe5 Nd7 13. Ng4 Nf6 14. Bf3 Bxf3 15. Qxf3 Nxg4 16. Qxg4 e6 17. h4 Qd4 18. Re4 Qd7 19. Qh3 b5 20. a3 a5 21. h5 b4 22. axb4 axb4 23. Rxa8 Rxa8 24. Nd1 Ra1 25. Qf3 Bxb2 26. Kh2 f5 27. Rc4 Bd4 28. c3 bxc3 29. Nxc3 Rc1 30. Nd1 Rxc4 31. dxc4 e5 32. Ne3 Bxe3 33. fxe3 Qd6 34. Kh3 e4 35. Qf1 Qd3 36. Qf4 Qxc4 37. Qb8+ Kg7 38. h6+ Kxh6 39. Qf8+ Kh5 40. Qe7 Kh6 41. Qf8+ 1/2-1/2

[Event "Santa Cruz Regional Norte zt"]
[Site "Santa Cruz"]
[Date "2017.05.05"]
[Round "1"]
[White "Bezerra, Flavio Rodrigo Cost"]
[Black "Adelino, Ygor Carneiro"]
[Result "1-0"]
[WhiteElo "2056"]
[BlackElo "1520"]
[PlyCount "69"]
[EventDate "2017.05.05"]
[EventType "swiss"]
[EventRounds "6"]
[EventCountry "BRA"]
[SourceTitle "EXT 2018"]
[Source "ChessBase"]
[SourceDate "2017.10.13"]
[SourceVersion "1"]
[SourceVersionDate "2017.10.13"]
[SourceQuality "1"]

1. e4 e5 2. d4 exd4 3. c3 Nf6 4. e5 Nd5 5. Nf3 Nc6 6. Bc4 Nb6 7. Bb3 Be7 8. cxd4 d5 9. 0-0 0-0 10. Be3 Bg4 11. Nbd2 Na5 12. Bc2 Nac4 13. Qb1 h6 14. Re1 Bb4 15. a3 Bxf3 16. axb4 Bg4 17. Nb3 Nd7 18. Na5 Qe7 19. Nxc4 dxc4 20. Bd2 c6 21. Re3 Qe6 22. Rg3 Rfd8 23. h3 Bh5 24. Bf5 Qe7 25. Bxh6 g6 26. Bg5 Qe8 27. Bxd8 Qxd8 28. e6 Nf8 29. Qe4 Qe7 30. Re1 Rd8 31. exf7+ Qxf7 32. Qh4 Rd5 33. Be4 Rb5 34. d5 cxd5 35. Qxh5 1-0

[Event "Joao Pessoa Fischer Memorial 8th"]
[Site "Joao Pessoa"]
[Date "2017.03.19"]
[Round "5"]
[White "Adelino, Ygor Carneiro"]
[Black "Borensztajn, David"]
[Result "0-1"]
[WhiteElo "1542"]
[BlackElo "2054"]
[PlyCount "70"]
[EventDate "2017.03.17"]
[EventType "swiss"]
[EventRounds "6"]
[EventCountry "BRA"]
[SourceTitle "EXT 2018"]
[Source "ChessBase"]
[SourceDate "2017.10.13"]
[SourceVersion "1"]
[SourceVersionDate "2017.10.13"]
[SourceQuality "1"]

1. d4 Nf6 2. c4 g6 3. Nf3 Bg7 4. Nc3 d5 5. e3 0-0 6. Bd3 c5 7. dxc5 Qa5 8. 0-0 Qxc5 9. Qe2 dxc4 10. Bxc4 Bg4 11. Bb3 Nc6 12. Nb1 Ne5 13. Nbd2 Rfd8 14. h3 Rxd2 15. Bxd2 Nxf3+ 16. gxf3 Bxh3 17. f4 Bxf1 18. Qxf1 Ne4 19. Qe2 Rd8 20. Be1 Qc8 21. f3 Nc5 22. Rc1 b6 23. Bxf7+ Kxf7 24. b4 Qa6 25. Qc2 Ne6 26. f5 gxf5 27. Qxf5+ Bf6 28. Rc6 Qxa2 29. Qh5+ Kf8 30. Qxh7 Qd5 31. Qh6+ Ke8 32. Qg6+ Kd7 33. Rc2 Qg5+ 34. Qxg5 Nxg5 35. Rd2+ Kc7 0-1

[Event "Joao Pessoa Fischer Memorial 8th"]
[Site "Joao Pessoa"]
[Date "2017.03.19"]
[Round "6"]
[White "De Lima, Enzo Magalhaes"]
[Black "Adelino, Ygor Carneiro"]
[Result "1/2-1/2"]
[WhiteElo "1382"]
[BlackElo "1542"]
[PlyCount "65"]
[EventDate "2017.03.17"]
[EventType "swiss"]
[EventRounds "6"]
[EventCountry "BRA"]
[SourceTitle "CBM 177 Extra"]
[Source "ChessBase"]
[SourceDate "2017.04.27"]
[SourceVersion "1"]
[SourceVersionDate "2017.04.27"]
[SourceQuality "1"]

1. d4 c6 2. c4 d5 3. Nc3 Nf6 4. cxd5 cxd5 5. Bf4 Bf5 6. e3 a6 7. Nge2 e6 8. Ng3 Bg6 9. Be2 Bb4 10. Bxb8 Bxc3+ 11. bxc3 Rxb8 12. 0-0 0-0 13. Bd3 b5 14. Bxg6 hxg6 15. Qd2 Rb7 16. a4 bxa4 17. Rxa4 Rb6 18. Rfa1 Qd6 19. Qd3 Ra8 20. c4 dxc4 21. Qxc4 Nd7 22. h3 Ra7 23. Ne4 Qc6 24. Qxc6 Rxc6 25. R1a2 Kf8 26. Kf1 Ke7 27. Ke2 Kd8 28. Nc5 Nxc5 29. dxc5 Rxc5 30. Rxa6 Rxa6 31. Rxa6 Ke7 32. Ra7+ Kf6 33. g4 1/2-1/2

[Event "Joao Pessoa Fischer Memorial 8th"]
[Site "Joao Pessoa"]
[Date "2017.03.18"]
[Round "3"]
[White "Adelino, Ygor Carneiro"]
[Black "Da Silva, Raissa Priscila Cri"]
[Result "1-0"]
[WhiteElo "1542"]
[BlackElo "1231"]
[PlyCount "71"]
[EventDate "2017.03.17"]
[EventType "swiss"]
[EventRounds "6"]
[EventCountry "BRA"]
[SourceTitle "CBM 177 Extra"]
[Source "ChessBase"]
[SourceDate "2017.04.27"]
[SourceVersion "1"]
[SourceVersionDate "2017.04.27"]
[SourceQuality "1"]

1. e4 g6 2. Nf3 Bg7 3. Be2 d6 4. 0-0 Nf6 5. Nc3 0-0 6. d3 e6 7. Be3 Nc6 8. Qd2 Ng4 9. h3 Nxe3 10. Qxe3 e5 11. Rfe1 Nd4 12. Qd2 Nxe2+ 13. Qxe2 f5 14. exf5 Bxf5 15. Ne4 d5 16. Ng3 e4 17. dxe4 dxe4 18. Nxe4 Bxe4 19. Qxe4 b6 20. c3 Re8 21. Qxe8+ Qxe8 22. Rxe8+ Rxe8 23. Kf1 Kf7 24. Rd1 Re7 25. Rd8 Bf6 26. g4 Re6 27. Rd7+ Re7 28. Rxe7+ Kxe7 29. Ke2 Ke6 30. Ke3 h6 31. Nd4+ Kd5 32. Nb5 Bg5+ 33. f4 Bh4 34. Nxc7+ Kc6 35. Ne6 g5 36. f5 1-0

[Event "Joao Pessoa Fischer Memorial 8th"]
[Site "Joao Pessoa"]
[Date "2017.03.17"]
[Round "1"]
[White "Adelino, Ygor Carneiro"]
[Black "Brasil, Alberto Silveira"]
[Result "0-1"]
[WhiteElo "1542"]
[BlackElo "2046"]
[PlyCount "70"]
[EventDate "2017.03.17"]
[EventType "swiss"]
[EventRounds "6"]
[EventCountry "BRA"]
[SourceTitle "CBM 177 Extra"]
[Source "ChessBase"]
[SourceDate "2017.04.27"]
[SourceVersion "1"]
[SourceVersionDate "2017.04.27"]
[SourceQuality "1"]

1. e4 c5 2. Nf3 d6 3. d4 cxd4 4. Nxd4 Nf6 5. Nc3 a6 6. Be2 e5 7. Nb3 Be7 8. 0-0 Be6 9. Be3 Nbd7 10. Qd2 Qc7 11. f3 b5 12. a3 0-0 13. Rfd1 Rfd8 14. Qe1 Nb6 15. Qf2 Rab8 16. f4 Ng4 17. Bxg4 Bxg4 18. Rd3 exf4 19. Bxf4 Bf6 20. Bxd6 Rxd6 21. Qf4 Rc6 22. Qxg4 Bxc3 23. bxc3 Rxc3 24. Rxc3 Qxc3 25. Qf4 Re8 26. Rf1 f6 27. Qf2 Nc4 28. Qc5 Qxc2 29. Na5 Qxe4 30. Qb4 Qe3+ 31. Kh1 Qxa3 32. Qxa3 Nxa3 33. Ra1 Nc2 34. Rc1 Re1+ 35. Rxe1 Nxe1 0-1

[Event "Joao Pessoa Fischer Memorial 8th"]
[Site "Joao Pessoa"]
[Date "2017.03.17"]
[Round "2"]
[White "Camara, Jose Arruda"]
[Black "Adelino, Ygor Carneiro"]
[Result "1-0"]
[WhiteElo "1839"]
[BlackElo "1542"]
[PlyCount "33"]
[EventDate "2017.03.17"]
[EventType "swiss"]
[EventRounds "6"]
[EventCountry "BRA"]
[SourceTitle "CBM 177 Extra"]
[Source "ChessBase"]
[SourceDate "2017.04.27"]
[SourceVersion "1"]
[SourceVersionDate "2017.04.27"]
[SourceQuality "1"]

1. e4 e5 2. Nf3 Nc6 3. Bc4 Bc5 4. 0-0 Nf6 5. d4 Bxd4 6. Nxd4 Nxd4 7. Bg5 0-0 8. Nc3 c6 9. Kh1 b5 10. Bd3 Ne6 11. Bh4 Bb7 12. f4 Nxf4 13. Rxf4 exf4 14. e5 Ne4 15. Qh5 g6 16. Qh6 Qe8 17. Nxe4 1-0

[Event "Natal Potiguar op"]
[Site "Natal"]
[Date "2016.07.01"]
[Round "1"]
[White "Macedo, Maximo Iack Miranda"]
[Black "Adelino, Ygor Carneiro"]
[Result "1-0"]
[WhiteElo "2337"]
[BlackElo "1561"]
[PlyCount "55"]
[EventDate "2016.07.01"]
[EventType "swiss"]
[EventRounds "6"]
[EventCountry "BRA"]
[SourceTitle "EXT 2017"]
[Source "ChessBase"]
[SourceDate "2016.10.25"]
[SourceVersion "1"]
[SourceVersionDate "2016.10.25"]
[SourceQuality "1"]

1. d4 d5 2. c4 c6 3. Nc3 Nf6 4. Bg5 e6 5. cxd5 cxd5 6. e3 Be7 7. Bd3 Nc6 8. f4 Nb4 9. Bb1 a6 10. Nf3 Bd7 11. 0-0 Rc8 12. Ne5 Nc6 13. Qf3 0-0 14. Qh3 g6 15. Qh4 Rc7 16. Rf3 Nh5 17. Bxe7 Qxe7 18. Qxe7 Nxe7 19. g4 Nf6 20. Bd3 Kg7 21. Rf2 Bc8 22. Rc2 Ne8 23. Rac1 f6 24. Nf3 Rf7 25. Na4 Nc6 26. Nb6 Nb4 27. Rxc7 Nxc7 28. Bb1 1-0